000 00419nam a2200181Ia 4500
001 19791
005 20260306172718.0
008 260306t2011||||xx |||||||||||||| ||spa||
041 _aESP
082 _a341.1
_bH41 2011
100 _aHervada, Javier
_eAUT
245 0 _aIntroducción crítica al derecho natural
260 _c2011
300 _a
_c
650 _aGEN
654 _aCDE
942 _cLIB
_dJUS
_fJUS
_2ddc
_n
999 _c19791
_d19791